Williams Obstetrics (Record no. 4761)

000 -LEADER
fixed length control field 01009cam a2200289 a 4500
003 - CONTROL NUMBER IDENTIFIER
control field UkOxU
005 - DATE AND TIME OF LATEST TRANSACTION
control field 20220329081423.0
008 - FIXED-LENGTH DATA ELEMENTS--GENERAL INFORMATION
fixed length control field 930607s1993 enk 000 0 eng d
020 ## - INTERNATIONAL STANDARD BOOK NUMBER
International Standard Book Number 0838596355
020 ## - INTERNATIONAL STANDARD BOOK NUMBER
International Standard Book Number 0838596398 (studyguide)
040 ## - CATALOGING SOURCE
Transcribing agency ALUPE UNIVERSITY
050 ## - LIBRARY OF CONGRESS CALL NUMBER
Classification number RG524
Item number .W7 1993
092 ## - LOCALLY ASSIGNED DEWEY CALL NUMBER (OCLC)
Classification number D0501113430
245 00 - TITLE STATEMENT
Title Williams Obstetrics
250 ## - EDITION STATEMENT
Edition statement 19th ed. /
Remainder of edition statement F. Gary Cunningham ... [et al.]
260 ## - PUBLICATION, DISTRIBUTION, ETC.
Place of publication, distribution, etc. London :
Name of publisher, distributor, etc. Prentice-Hall International,
Date of publication, distribution, etc. c1993
300 ## - PHYSICAL DESCRIPTION
Extent x, 1428 p. :
Other physical details ill. ;
Dimensions 29 cm
500 ## - GENERAL NOTE
General note Companion volume: Study guide for Williams Obstetrics : 19th edition / Larry C. Gilstrap III ... [et al.]
504 ## - BIBLIOGRAPHY, ETC. NOTE
Bibliography, etc. note Includes bibliographic references
650 #0 - SUBJECT ADDED ENTRY--TOPICAL TERM
Topical term or geographic name entry element Obstetrics
700 1# - ADDED ENTRY--PERSONAL NAME
Personal name Cunningham, F. Gary.
700 1# - ADDED ENTRY--PERSONAL NAME
Personal name Williams, J. Whitridge
Fuller form of name (John Whitridge),
Dates associated with a name 1866-1931.
700 1# - ADDED ENTRY--PERSONAL NAME
Personal name Gilstrap, Larry C.,
Titles and other words associated with a name III.
942 ## - ADDED ENTRY ELEMENTS (KOHA)
Source of classification or shelving scheme
Koha item type Book
Holdings
Withdrawn status Lost status Source of classification or shelving scheme Damaged status Not for loan Permanent Location Current Location Shelving location Date acquired Source of acquisition Total Checkouts Full call number Barcode Date last seen Price effective from Koha item type Public note
          AU LIBRARY AU LIBRARY Open Shelf 29.03.2022 DONATION FROM MOI UNIVERSITY   RG524 .W7 1993 28009129 29.03.2022 29.03.2022 Book SM

Powered by Koha